000
00251nam a22001097a 4500
082
_a
621.4025 RIC'P
100
_a
RICHMOND, A. J
_9
76786
245
_a
PROBLEMS IN HEAT ENGINES
260
_a
LONDON
_b
EDWARD ARNOLD
_c
1960
300
_a
272P
942
_c
BK
999
_c
582115
_d
582115